000 00296nam a22001337a 4500
008 170921b xxu||||| |||| 00| 0 eng d
020 _a0133641821
041 _aeng
080 _a78
100 _a45
101 _aMUZ
245 _aGREAT MEN OF AMERICAN POPULAR SONG
_cEWEN,D
942 _2udc
_cBK
999 _c28694
_d28694